Auf welchem Kontinent liegt dieses Land? - Statistiken

Allgemein
  • Dieses Quiz wurde 308 mal gespielt
  • Das Durchschnittsergebnis liegt bei 15 aus 15
Antwortstatistiken
Land Kontinent % Korrekt
Burkina Faso Afrika
100%
Dschibuti Afrika
99%
Eritrea Afrika
99%
Usbekistan Asien
99%
Oman Asien
99%
Kasachstan Asien
99%
Malta Europa
99%
San Marino Europa
99%
Kanada Nordamerika
99%
Guyana Südamerika
99%
Paraguay Südamerika
99%
Guatemala Nordamerika
98%
Tuvalu Ozeanien/Australien
98%
Samoa Ozeanien/Australien
97%
Fidschi Ozeanien/Australien
97%
Keine übereinstimmenden Quizze gefunden
Verteilung der Resultate
Anzahl Personen mit jedem Resultat
Perzentil nach korrekt beantworteten Fragen
Ihre Resultats-Entwicklung
Sie haben dieses Quiz noch nicht gespielt